| 000 | 01429cam a2200349 i 4500 | ||
|---|---|---|---|
| 999 |
_c129633 _d129633 |
||
| 001 | 18498787 | ||
| 003 | ARRUPE | ||
| 005 | 20190522103116.0 | ||
| 008 | 150220s2015 mnu b 001 0 eng | ||
| 010 | _a 2015006953 | ||
| 020 | _a9780814683095 | ||
| 020 | _z9780814683347 (ebook) | ||
| 040 |
_aDLC _beng _cDLC _erda _dDLC |
||
| 042 | _apcc | ||
| 050 | 0 | 0 |
_aBX830 1962 _b.G283 2015 |
| 082 | 0 | 0 |
_a262/.52 _223 |
| 100 | 1 |
_aGaillardetz, Richard R., _d1958- _93099 |
|
| 245 | 1 | 3 |
_aAn unfinished council : _bVatican II, Pope Francis, and the renewal of Catholicism / _cRichard R. Gaillardetz. |
| 260 |
_aMinnesota _bLiturgical Press _c2015 |
||
| 300 |
_axviii, 172 p. ; _c23 cm |
||
| 500 | _a"A Michael Glazier Book." | ||
| 504 | _aIncludes bibliographical references and index. | ||
| 600 | 0 | 0 |
_aFrancis, _cPope, _d1936- _xInfluence. _946486 |
| 610 | 2 | 0 |
_aCatholic Church _xHistory _y1965- _94086 |
| 610 | 2 | 0 |
_aCatholic Church _xDoctrines. _946487 |
| 611 | 2 | 0 |
_aVatican Council _n(2nd : _d1962-1965 : _cBasilica di San Pietro in Vaticano) _946488 |
| 650 | 0 |
_aChurch renewal _xCatholic Church. _946489 |
|
| 906 |
_a7 _bcbc _corignew _d1 _eecip _f20 _gy-gencatlg |
||
| 942 |
_2lcc _cMONOGRAPH |
||